00449cam a2200157 i 4500020001700000040000800017082002600025100001800051245003800069260004900107300003300156490002800189650002400217650002800241700002200269 a2852060205 : cDLC00a621 TEC 1977 A048 Or.1 aSeguier, Guy.10aÉlectrotechnique industrielle / aParis :bTechnique et documentation,cc1977. axv, 391 p. :bill. ;c24 cm.0 aIngénieurs praticiens 0aElectric machinery. 0aElectrical engineering.1 aNotelet, Francis,